000
00258nam a2200109Ia 4500
008
220204s9999 xx 000 0 und d
082
_a
691
_b
KOM
100
_a
A
245
0
_a
Building materials and components
260
_a
Moscow
_b
Mir Pub
_c
1979
942
_c
BK
999
_c
34194
_d
34194